Transistor circuit design (Record no. 23504)

000 -LEADER
fixed length control field 00584nam a22002171 4500
001 - CONTROL NUMBER
control field 23504
003 - CONTROL NUMBER IDENTIFIER
control field BD-DhUET
008 - FIXED-LENGTH DATA ELEMENTS--GENERAL INFORMATION
fixed length control field 721219s1963 nyua b 000 0 eng
040 ## - CATALOGING SOURCE
Original cataloging agency DLC
Transcribing agency DLC
Modifying agency BD-DhUET
082 ## - DEWEY DECIMAL CLASSIFICATION NUMBER
Classification number 623.8151
Item number TEX/1963
110 ## - MAIN ENTRY--CORPORATE NAME
Corporate name or jurisdiction name as entry element Texas Instruments Incorporated
245 10 - TITLE STATEMENT
Title Transistor circuit design
250 ## - EDITION STATEMENT
Edition statement 1st ed.
260 ## - PUBLICATION, DISTRIBUTION, ETC. (IMPRINT)
Place of publication, distribution, etc. New York
Name of publisher, distributor, etc. McGraw-Hill
Date of publication, distribution, etc. 1963
300 ## - PHYSICAL DESCRIPTION
Extent xi, 523 p.
Other physical details ill.
Dimensions 26 cm.
504 ## - BIBLIOGRAPHY, ETC. NOTE
Bibliography, etc Includes bibliographies
650 #0 - SUBJECT ADDED ENTRY--TOPICAL TERM
Topical term or geographic name as entry element Transistor : Electronics
700 ## - ADDED ENTRY--PERSONAL NAME
Personal name Walston, Joseph A.
700 ## - ADDED ENTRY--PERSONAL NAME
Personal name Miller, John R.
942 ## - ADDED ENTRY ELEMENTS (KOHA)
Koha item type Corporate Publication
Holdings
Date acquired Koha item type Copy number Koha normalized classification for sorting Piece designation (barcode) Koha full call number Location (home branch) Withdrawn status Damaged status Shelving location Price effective from Lost status Source of classification or shelving scheme Koha date last seen Not for loan Sublocation or collection (holding branch)
2015-05-04Corporate Publication1623_815100000000000_TEX_196330610623.8151/TEX/1963 Central Library, BUET  Circulation section2015-05-04  2015-05-04 Central Library, BUET
2015-05-04Corporate Publication2623_815100000000000_TEX_196330607623.8151/TEX/1963Central Library, BUET  Circulation section2015-05-04  2015-05-04 Central Library, BUET
2015-05-04Corporate Publication3623_815100000000000_TEX_196330612623.8151/TEX/1963 Central Library, BUET  Circulation section2015-05-04  2015-05-04 Central Library, BUET
2015-05-04Corporate Publication4623_815100000000000_TEX_196330613623.8151/TEX/1963Central Library, BUET  Circulation section2015-05-04  2015-05-04 Central Library, BUET
2015-05-04Corporate Publication5623_815100000000000_TEX_196326687623.8151/TEX/1963 Central Library, BUET  Circulation section2015-05-04  2015-05-04 Central Library, BUET
2015-05-07Corporate Publication6623_815100000000000_TEX_196330608623.8151/TEX/1963Central Library, BUET  Circulation section2015-05-07  2015-05-07 Central Library, BUET
2015-05-07Corporate Publication7623_815100000000000_TEX_196330606623.8151/TEX/1963Central Library, BUET  Circulation section2015-05-07  2015-05-07 Central Library, BUET
2015-05-07Corporate Publication8623_815100000000000_TEX_196330609623.8151/TEX/1963Central Library, BUET  Circulation section2015-05-07  2015-05-07 Central Library, BUET
2015-06-25Corporate Publication9623_815100000000000_TEX_196330604623.8151/TEX/1963Central Library, BUET  Reading section2015-06-25  2015-06-25 Central Library, BUET
2015-06-25Corporate Publication10623_815100000000000_TEX_19639968623.8151/TEX/1963Central Library, BUET  Reading section2015-06-25  2015-06-25 Central Library, BUET
2015-06-25Corporate Publication11623_815100000000000_TEX_196330605623.8151/TEX/1963Central Library, BUET  Reading section2015-06-25  2015-06-25 Central Library, BUET